Tschaikowsky : Geschichte eines einsamen Lebens /

Hlavní autor: Berberova, Nina Nikolajevna, 1901-1993
Další autoři: Borchard, Leo, 1899-1945
Jazyk: Němčina
Vydáno: Berlin : Gustav Kiepenheuer, 1938
Témata:
Fyzický popis: 391 stran : portréty, frontispis ; 19 cm
Knihy
Uloženo v:
LEADER 01296nam a22003372i 4500
001 001857953
003 CZ BrMZK
005 20230522093852.0
007 ta
008 230511s1938 gw c er|||||||||||ger d
020 |q (Vázáno) 
040 |a ABA010  |b cze  |d BOA001  |e rda 
041 1 |a ger  |h rus 
100 1 |a Berberova, Nina Nikolajevna,  |d 1901-1993  |7 jn19990000695  |4 aut 
240 1 0 |a Čajkovskij.  |l Německy 
245 1 0 |a Tschaikowsky :  |b Geschichte eines einsamen Lebens /  |c Nina Berberowa ; aus dem Russischen übertragen und bearbeitet von Leo Borchard 
246 3 0 |a Tschaikowsky - Geschichte eines einsamen Lebens 
264 1 |a Berlin :  |b Gustav Kiepenheuer,  |c 1938 
300 |a 391 stran :  |b portréty, frontispis ;  |c 19 cm 
336 |a text  |b txt  |2 rdacontent 
337 |a bez média  |b n  |2 rdamedia 
338 |a svazek  |b nc  |2 rdacarrier 
500 |a Přeloženo z ruštiny 
600 1 7 |a Čajkovskij, Petr Il‘jič,  |d 1840-1893  |7 jn19981002507  |2 czenas 
650 0 7 |a hudební skladatelé  |7 ph120923  |z Rusko  |y 19. století  |2 czenas 
655 7 |a biografie  |7 fd131909  |2 czenas 
700 1 |a Borchard, Leo,  |d 1899-1945  |7 xx0167904  |4 trl 
910 |a BOA001  |b 1-0237.234 
990 |a BK 
991 |b 202304 
996 6 |b BC-2411489  |c 1-0237.234  |l MZK  |r Sklad / do 1 hodiny  |n 0  |w 001924878  |u 000010  |a 1  |e BOA001  |j MZK50  |s P